Statistics for Countries with most Tesco outlets

Click here to take the quiz!

General Stats

  • This quiz has been taken 108 times
  • The average score is 5 of 10

Answer Stats

NoAnswer% Correct
2975UK
100%
137Ireland
89%
124China
58%
121Japan
53%
460Poland
46%
213Hungary
34%
1092Thailand
32%
57Malaysia
29%
322Czech Republic
28%
160Slovakia
27%

Score Distribution

Percentile by Number Answered

Percent of People with Each Score

Your Score History

You have not taken this quiz